000 00569nam a22001932 4500
001 0000011773
005 20151217155847.0
008 090107s xx 000 0 eng d
040 _aKABU
_cKABU
100 1 _aFrank, Charles R.
_@0000167772
245 1 4 _aThe Sugar industry in East Africa /
_cCharles R. Frank.
250 _a1st ed.
260 _aNairobi :
_bE. A. P. H.,
_c[1965]
300 _a115 p.
650 0 _aSugar trade
_xAfrica, East.
_@0000167773
852 1 _9p300 KES
908 _a090107
950 _@1
999 _c13384
_d13384